000 00462nam a2200181Ia 4500
001 1101
005 20260306140607.0
008 260306t2004||||xx |||||||||||||| ||spa||
041 _aESP
082 _a180.01
_bB141 T. 1
100 _aMondolfo, Rodolfo
_eAUT
245 0 _aEl pensamiento antiguo:
_bhistoria de la filosofía greco-romana
260 _c2004
300 _a335 páginas :
_c21 cm.
650 _aGEN
654 _aCHU
942 _cLIB
_dJUS
_fJUS
_2ddc
_n
999 _c1101
_d1101